000
00266nam a2200097Ia 4500
001
1206315
005
20251009145805.0
008
250824s9999 xx 000 0 und d
245
0
_a
FELATUN BEY İLE RAKIM EFENDİ
_c
AHMET MİTHAT EFENDİ
260
_b
PANAMA YAYINLARI
999
_c
1206315
_d
1206315